header

Michael Oakeshott's skepticism (Record no. 140104)

MARC details
000 -LEADER
fixed length control field 01296nam a2200337Ia 4500
082 04 - DEWEY DECIMAL CLASSIFICATION NUMBER
Classification number 192
100 1# - MAIN ENTRY--AUTHOR NAME
Personal name Botwinick, Aryeh.
245 10 - TITLE STATEMENT
Title Michael Oakeshott's skepticism
260 ## - PUBLICATION, DISTRIBUTION, ETC. (IMPRINT)
Place of publication Princeton, N.J. :
Name of publisher Princeton University Press,
Year of publication 2010.
300 ## - PHYSICAL DESCRIPTION
Number of Pages xiii, 250 p.
490 1# - SERIES STATEMENT
Series statement Princeton monographs in philosophy
650 #0 - SUBJECT ADDED ENTRY--TOPICAL TERM
Topical Term Skepticism.
856 40 - ELECTRONIC LOCATION AND ACCESS
Uniform Resource Identifier http://site.ebrary.com/lib/rucke/Doc?id=10421677

No items available.

© 2026 Rongo University
Contact us: librarian | system librarian | Rongo university